Представление документа в формате RUSMARC

ПолеНазваниеЗначение
  Тип записи a
  Библиографический уровень a
001 Контрольный номер RU/CBS_Ul/BASE/482171986
005 Дата корректировки 20240209175147.2
100 Данные общей обработки __
a Данные общей обработки 20150412d2015 ||| 0rusy0189 ca
101 Язык документа 0_
a Язык текста rus
102 Страна публикации __
a Страна публикации RU
105 Кодированные данные (монография) __
a Кодированные данные (монография) y###||||000|y
200 Заглавие и сведения об ответственности 1_
a Заглавие Что нужно знать о витаминах?
b Общее обозначение материала Текст
e Сведения, относящиеся к заглавию [можно ли получить необходимые питательные вещества с пищей?]
f Первые сведения об ответственности К. Рендольф
300 Общие примечания __
a Общие примечания Ограничения по возрасту - 16+
461 Уровень набора _0
1 2000
a Домашний Очаг мини
463 Уровень физической единицы _0
1 001RU/CBS_Ul/BASE/482167728
1 2000
a № 4
v С. 144-145
1 210
d 2015
606 Тематические рубрики 0_
a Основная рубрика Витамины - Значение в питании
610 Ключевые слова 0_
a Ключевые слова витамины
a Ключевые слова гигиена питания
a Ключевые слова правильное питание
a Ключевые слова растительная пища
a Ключевые слова питательные вещества в пище
686 Индексы других классификаций __
a Классификационный индекс 51.230
2 Код системы ББК
700 Автор _1
a Фамилия Рендольф
b Имя (инициалы) К.
801 Источник записи _0
a Страна RU
b Организация МБУК ЦБС г. Ульяновска
c Дата составления 20150412
g Правила каталогизации RCR
801 Источник записи _1
a Страна RU
b Организация МБУК ЦБС г. Ульяновска
c Дата составления 20150412
g Правила каталогизации RCR
901 Тип документа __
t Тип документа b
w Контрольный № источника RU/CBS_Ul/BASE/482167728
910 Корректоры записи __
a Корректор записи Библиотека 2
938 Служебная информация __
a Имя БД period